000
00267nam a2200109Ia 4500
008
190914s9999||||xx |||||||||||||| ||und||
100
_a
Dr,Mubarak Ali
245
0
_a
Dar Dar Thokar Khae : Aap Beti
260
_a
Lahore
_b
Fiction House
_c
1994
300
_a
253
942
_c
BK
999
_c
8915
_d
8915